Vízórát minden házba a műszaki bizottság javaslata - A vízkérdés a közgyűlés előtt
Elmentve itt :
| Dokumentumtípus: | Cikk |
|---|---|
| Megjelent: |
1913-05-27
|
| Sorozat: | Délmagyarország
4 No. 121 |
| Kulcsszavak: | Vízügy Szeged 1913 |
| Online Access: | http://dmarchiv.bibl.u-szeged.hu/42684 |
| LEADER | 00474nab a2200145 i 4500 | ||
|---|---|---|---|
| 001 | delm42684 | ||
| 005 | 20180928090459.0 | ||
| 008 | 180927s1913 hu o 0|| hun d | ||
| 040 | |a SZTE Délmagyarország Archívum |b hun | ||
| 041 | |a hun | ||
| 245 | 0 | 0 | |a Vízórát minden házba |h [elektronikus dokumentum] : |b a műszaki bizottság javaslata - A vízkérdés a közgyűlés előtt |
| 260 | |c 1913-05-27 | ||
| 300 | |a 5 | ||
| 490 | 0 | |a Délmagyarország |v 4 No. 121 | |
| 695 | |a Vízügy Szeged 1913 | ||